[Event "Czech Open GM 2019"]
[Site "Pardubice"]
[Date "2019.07.25"]
[Round "7.10"]
[White "Hollan, Martin"]
[Black "Moksh Amit Doshi"]
[Result "1-0"]
[WhiteElo "2416"]
[BlackElo "2229"]
[Annotator "TA"]
[PlyCount "65"]
[EventDate "2019.07.19"]
[EventType "swiss"]
[EventCountry "CZE"]
[SourceTitle "playchess.com"]
[Source "ChessBase"]
[SourceQuality "1"]

1. e4 c5 2. Nf3 d6 3. d4 cxd4 4. Nxd4 Nf6 5. Nc3 a6 6. Be3 e5 7. Nde2 Ng4 8. Qd2 Be7 9. O-O-O Nxe3 10. Qxe3 O-O 11. f4 Nc6 12. Kb1 b5 13. f5 Bb7 14. Nd5 Rc8 15. h4 Na5 16. Nec3 Nc4 17. Bxc4 Rxc4 18. a3 Rc5 19. g4 a5 20. g5 f6 21. Rhg1 Kh8 22. gxf6 Bxf6 23. h5 b4 24. Na4 Rb5 25. c4 bxc3 26. Ndxc3 Qe8 27. Nxb5 Qxb5 28. Nc3 Qb3 29. Rxd6 Rb8 30. Qd2 Qc4 31. Rxf6 gxf6 32. Qd6 Bxe4+ 33. Ka1 1-0

[Event "Czech Open GM 2019"]
[Site "Pardubice"]
[Date "2019.07.25"]
[Round "7.11"]
[White "Abdumalik, Zhansaya"]
[Black "Lintchevski, Daniil"]
[Result "0-1"]
[WhiteElo "2458"]
[BlackElo "2534"]
[Annotator "ChessBase"]
[PlyCount "74"]
[EventDate "2019.07.19"]
[EventType "swiss"]
[EventCountry "CZE"]
[SourceTitle "playchess.com"]
[Source "ChessBase"]
[SourceQuality "1"]

1. e4 c5 2. Nf3 Nc6 3. d4 cxd4 4. Nxd4 Nf6 5. Nc3 e5 6. Ndb5 d6 7. Bg5 a6 8. Na3 b5 9. Nd5 Be7 10. Bxf6 Bxf6 11. c4 b4 12. Nc2 O-O 13. g3 Rb8 14. b3 Be6 15. Bg2 Bxd5 16. cxd5 Nd4 17. Nxd4 exd4 18. O-O Rc8 19. a3 d3 20. Ra2 Rc2 21. Qb1 Qa5 22. a4 Qc5 23. Kh1 Rc8 24. Bf3 Qc3 25. Kg2 Qd2 26. Ra1 Bxa1 27. Qxa1 Qc3 28. Qe1 Qxe1 29. Rxe1 d2 30. Rd1 Rb2 31. Kf1 Rc1 32. Ke2 Rxd1 33. Kxd1 Rxb3 34. Be2 a5 35. f4 Re3 36. Kxd2 Rxe4 37. Bf3 Rc4 0-1

[Event "Czech Open GM 2019"]
[Site "Pardubice"]
[Date "2019.07.25"]
[Round "7.11"]
[White "Shailesh, Dravid"]
[Black "Hrabusa, Matej"]
[Result "1/2-1/2"]
[WhiteElo "2254"]
[BlackElo "2397"]
[Annotator "TA"]
[PlyCount "56"]
[EventDate "2019.07.19"]
[EventType "swiss"]
[EventCountry "CZE"]
[SourceTitle "playchess.com"]
[Source "ChessBase"]
[SourceQuality "1"]

1. e4 c5 2. Nf3 d6 3. d4 cxd4 4. Nxd4 Nf6 5. Nc3 g6 6. Be3 Bg7 7. f3 O-O 8. Qd2 Nc6 9. Bc4 Bd7 10. Bb3 Rc8 11. O-O-O Ne5 12. h4 h5 13. Kb1 Nc4 14. Bxc4 Rxc4 15. Nde2 b5 16. Bh6 b4 17. Bxg7 Kxg7 18. Nd5 Nxd5 19. exd5 f6 20. Nd4 Rc5 21. Nb3 Rc4 22. g4 hxg4 23. h5 g5 24. Qd3 Rf4 25. Qg6+ Kh8 26. Qh6+ Kg8 27. Qg6+ Kh8 28. Qh6+ Kg8 1/2-1/2

[Event "Czech Open GM 2019"]
[Site "Pardubice"]
[Date "2019.07.25"]
[Round "7.12"]
[White "Frolov, Artur"]
[Black "Gazik, Viktor"]
[Result "1/2-1/2"]
[WhiteElo "2453"]
[BlackElo "2525"]
[Annotator "ChessBase"]
[PlyCount "127"]
[EventDate "2019.07.19"]
[EventType "swiss"]
[EventCountry "CZE"]
[SourceTitle "playchess.com"]
[Source "ChessBase"]
[SourceQuality "1"]

1. e4 c5 2. Nf3 d6 3. Bb5+ Nd7 4. c4 Ngf6 5. Nc3 g6 6. O-O Bg7 7. d3 O-O 8. Ba4 Nb6 9. Bb3 e5 10. Ne1 Nh5 11. Nc2 Nf4 12. Ne2 a5 13. Ne3 Bd7 14. Qd2 f5 15. Bd1 Bc6 16. Qc2 Qh4 17. g3 Nxe2+ 18. Bxe2 Qe7 19. Bf3 Rf7 20. Qe2 Raf8 21. exf5 gxf5 22. Nd5 Nxd5 23. cxd5 Bb5 24. a4 Ba6 25. Bh5 e4 26. Re1 Bxd3 27. Qd1 Qe5 28. Bxf7+ Rxf7 29. Qb3 c4 30. Qb6 Qxd5 31. Bd2 Qc5 32. Qxc5 dxc5 33. Bc3 Bd4 34. Kg2 f4 35. f3 exf3+ 36. Kxf3 fxg3+ 37. Kxg3 Bf2+ 38. Kg2 Bxe1 39. Rxe1 b6 40. Re8+ Rf8 41. Rxf8+ Kxf8 42. Be5 Ke7 43. Bc7 b5 44. axb5 c3 45. bxc3 a4 46. b6 Kd7 47. Be5 Kc6 48. c4 Bxc4 49. Kf2 Kxb6 50. Ke3 Kb5 51. Kd2 Bb3 52. Bb2 Kc4 53. Bh8 a3 54. Ba1 a2 55. Bh8 Kd5 56. Ke3 Ke6 57. Kf4 h6 58. h4 Kf7 59. Ba1 Kg6 60. Bh8 Kh5 61. Kg3 Bd5 62. Ba1 Kg6 63. Kf4 Bb3 64. Bh8 1/2-1/2

[Event "Czech Open GM 2019"]
[Site "Pardubice"]
[Date "2019.07.25"]
[Round "7.12"]
[White "Keller, Peter"]
[Black "Barua, Dibyendu"]
[Result "1-0"]
[WhiteElo "2279"]
[BlackElo "2393"]
[Annotator "TA"]
[PlyCount "59"]
[EventDate "2019.07.19"]
[EventType "swiss"]
[EventCountry "CZE"]
[SourceTitle "playchess.com"]
[Source "ChessBase"]
[SourceQuality "1"]

1. e4 e6 2. d4 d5 3. Nd2 Nf6 4. e5 Nfd7 5. Bd3 c5 6. c3 Nc6 7. Ne2 cxd4 8. cxd4 f6 9. exf6 Qxf6 10. Nf3 h6 11. O-O Bd6 12. Be3 O-O 13. Rc1 Rf7 14. Bb5 Nd8 15. Ng3 a6 16. Bd3 Nc6 17. Nh5 Qd8 18. Bg6 Re7 19. Nh4 Nf8 20. f4 Nxg6 21. Nxg6 Rf7 22. Qg4 e5 23. f5 Nxd4 24. Bxd4 exd4 25. Qxd4 Qg5 26. h4 Qd8 27. f6 Bc7 28. Ne7+ Rxe7 29. fxe7 Qxe7 30. Rce1 1-0

[Event "Czech Open GM 2019"]
[Site "Pardubice"]
[Date "2019.07.25"]
[Round "7.13"]
[White "Zanan, Evgeny"]
[Black "Erenberg, Ariel"]
[Result "1/2-1/2"]
[WhiteElo "2505"]
[BlackElo "2442"]
[Annotator "ChessBase"]
[PlyCount "77"]
[EventDate "2019.07.19"]
[EventType "swiss"]
[EventCountry "CZE"]
[SourceTitle "playchess.com"]
[Source "ChessBase"]
[SourceQuality "1"]

1. d4 Nf6 2. c4 e6 3. Nc3 Bb4 4. Qc2 b6 5. e4 c5 6. d5 Qe7 7. Nge2 exd5 8. exd5 O-O 9. Bd2 Bxc3 10. Qxc3 Ne4 11. Qe3 Re8 12. O-O-O Nxd2 13. Qxe7 Rxe7 14. Kxd2 d6 15. Nc3 Bf5 16. Nb5 Rd7 17. Re1 Na6 18. h3 Nc7 19. Nc3 Re8 20. Rxe8+ Nxe8 21. g4 Bg6 22. f4 f5 23. g5 Bf7 24. a3 Nc7 25. Bd3 g6 26. b4 Na6 27. Rb1 Be8 28. Nb5 Kf8 29. h4 Nc7 30. Nxa7 Nxd5 31. cxd5 Rxa7 32. bxc5 bxc5 33. Rb8 Ke7 34. h5 c4 35. hxg6 hxg6 36. Bxc4 Rxa3 37. Rb7+ Kd8 38. Rb8+ Ke7 39. Rb7+ 1/2-1/2

[Event "Czech Open GM 2019"]
[Site "Pardubice"]
[Date "2019.07.25"]
[Round "7.13"]
[White "Vokac, Marek"]
[Black "Medvedyk, Volodymyr"]
[Result "1-0"]
[WhiteElo "2316"]
[BlackElo "2197"]
[Annotator "NA"]
[PlyCount "87"]
[EventDate "2019.07.19"]
[EventType "swiss"]
[EventCountry "CZE"]
[SourceTitle "playchess.com"]
[Source "ChessBase"]
[SourceQuality "1"]

1. Nf3 Nf6 2. c4 g6 3. Nc3 Bg7 4. d4 O-O 5. Bg5 h6 6. Bh4 d6 7. e3 Nbd7 8. Be2 e5 9. Qc2 c6 10. O-O Qe7 11. dxe5 dxe5 12. Nd2 g5 13. Bg3 Ne8 14. Bg4 Nc5 15. Bxc8 Rxc8 16. e4 Ne6 17. Rad1 Nd4 18. Qa4 Nc7 19. b4 b5 20. Qa5 c5 21. Qxa7 Nde6 22. Nb3 Ra8 23. Qb7 bxc4 24. Nxc5 Rfb8 25. Nd5 Nxd5 26. Qxd5 Nxc5 27. bxc5 c3 28. Rc1 Ra3 29. Qc4 h5 30. f3 Rb2 31. Rxc3 Raxa2 32. Rf2 Qa7 33. Rxb2 Rxb2 34. h3 g4 35. hxg4 hxg4 36. fxg4 Bh6 37. Bxe5 Qa1+ 38. Kh2 Rb1 39. Kg3 Rf1 40. g5 Bxg5 41. Kg4 Bd2 42. Rf3 Qxe5 43. Qxf7+ Kh8 44. Rh3+ 1-0

[Event "Czech Open GM 2019"]
[Site "Pardubice"]
[Date "2019.07.25"]
[Round "7.14"]
[White "Kraus, Tomas"]
[Black "Polschikov, Alexey"]
[Result "0-1"]
[WhiteElo "2486"]
[BlackElo "2375"]
[Annotator "ChessBase"]
[PlyCount "140"]
[EventDate "2019.07.19"]
[EventType "swiss"]
[EventCountry "CZE"]
[SourceTitle "playchess.com"]
[Source "ChessBase"]
[SourceQuality "1"]

1. e4 e5 2. Nf3 Nf6 3. d3 Nc6 4. Be2 d5 5. Nbd2 Bc5 6. O-O O-O 7. c3 a5 8. b3 Re8 9. a3 d4 10. c4 Rb8 11. Ne1 Bf8 12. g3 Nd7 13. Bg4 g6 14. f4 exf4 15. gxf4 f5 16. Bf3 fxe4 17. Nxe4 Nf6 18. Ra2 Bg7 19. Re2 Bf5 20. Ng2 Qd7 21. Bd2 b6 22. Be1 Nxe4 23. dxe4 Bh3 24. Qd3 Rf8 25. b4 axb4 26. axb4 Nd8 27. Bd2 c5 28. b5 Kh8 29. Ref2 Nf7 30. Re1 Be6 31. e5 Nh6 32. Ra1 Qf7 33. Ra4 g5 34. Be4 Bxe5 35. Rf1 Bd6 36. fxg5 Qh5 37. h4 Ng4 38. Ra7 Ne5 39. Rxh7+ Qxh7 40. Bxh7 Nxd3 41. Bxd3 Rxf1+ 42. Kxf1 Rf8+ 43. Kg1 Bg4 44. Be1 Kg7 45. Bf2 Ra8 46. Ne1 Ra2 47. Nc2 Bf4 48. Kf1 Bd1 49. Ne1 Bh5 50. Ng2 Ra1+ 51. Ne1 Bd2 52. Bg3 Bg6 53. Bxg6 Kxg6 54. Ke2 Bxe1 55. Bxe1 Rc1 56. Bg3 Rc2+ 57. Kd1 Rxc4 58. Bc7 Rb4 59. Bxb6 Rxb5 60. Ba7 c4 61. Kd2 Rb2+ 62. Kc1 Rh2 63. Bxd4 Rxh4 64. Be3 Rh2 65. Bd2 Kf5 66. Kc2 Ke4 67. Kc3 Rg2 68. Bc1 Kd5 69. Bf4 Rg4 70. Be3 Rg3 0-1

[Event "Czech Open GM 2019"]
[Site "Pardubice"]
[Date "2019.07.25"]
[Round "7.14"]
[White "Van Osch, Mees"]
[Black "Budrewicz, Krzysztof"]
[Result "1-0"]
[WhiteElo "2316"]
[BlackElo "2188"]
[Annotator "NA"]
[PlyCount "55"]
[EventDate "2019.07.19"]
[EventType "swiss"]
[EventCountry "CZE"]
[SourceTitle "playchess.com"]
[Source "ChessBase"]
[SourceQuality "1"]

1. e4 g6 2. d4 Bg7 3. Nc3 d6 4. f4 Nf6 5. Nf3 O-O 6. Bd3 Na6 7. O-O c5 8. d5 Bg4 9. h3 Bxf3 10. Rxf3 Nc7 11. a4 e6 12. dxe6 Nxe6 13. f5 Nd4 14. Rf2 Re8 15. Bg5 h6 16. Bxf6 Bxf6 17. fxg6 fxg6 18. Qg4 Bg5 19. Nd5 h5 20. Qg3 Kg7 21. Raf1 Re6 22. Rf8 Qxf8 23. Rxf8 Rxf8 24. Qxg5 Re5 25. Qg3 Rxe4 26. Qxd6 Re1+ 27. Kh2 Nf5 28. Qxc5 1-0

[Event "Czech Open GM 2019"]
[Site "Pardubice"]
[Date "2019.07.25"]
[Round "7.15"]
[White "Dvoirys, Semen I."]
[Black "Shpanko, Nadiia"]
[Result "1/2-1/2"]
[WhiteElo "2505"]
[BlackElo "2132"]
[Annotator "ChessBase"]
[PlyCount "62"]
[EventDate "2019.07.19"]
[EventType "swiss"]
[EventCountry "CZE"]
[SourceTitle "playchess.com"]
[Source "ChessBase"]
[SourceQuality "1"]

1. e4 e5 2. Nf3 Nc6 3. Bb5 Nge7 4. O-O g6 5. c3 Bg7 6. d4 exd4 7. cxd4 d5 8. exd5 Nxd5 9. Re1+ Be6 10. Nc3 O-O 11. Bg5 Qd6 12. Ne4 Qb4 13. Bxc6 bxc6 14. Qc1 Rfe8 15. Bh6 Bf5 16. Qxc6 Rad8 17. Qxd5 Bxe4 18. Rxe4 Bxh6 19. Rxe8+ Rxe8 20. b3 Qc3 21. Rf1 Re2 22. g3 c6 23. Qd8+ Kg7 24. Ne5 Be3 25. Nd7 Bxf2+ 26. Rxf2 Qc1+ 27. Kg2 Rxf2+ 28. Kxf2 Qd2+ 29. Kf3 Qd3+ 30. Kg2 Qe2+ 31. Kh3 Qe6+ 1/2-1/2

[Event "Czech Open GM 2019"]
[Site "Pardubice"]
[Date "2019.07.25"]
[Round "7.15"]
[White "Karthik Venkataraman"]
[Black "Menezes, Christoph"]
[Result "1/2-1/2"]
[WhiteElo "2480"]
[BlackElo "2413"]
[Annotator "ChessBase"]
[PlyCount "197"]
[EventDate "2019.07.19"]
[EventType "swiss"]
[EventCountry "CZE"]
[SourceTitle "playchess.com"]
[Source "ChessBase"]
[SourceQuality "1"]

1. Nf3 Nf6 2. g3 g6 3. b3 Bg7 4. Bb2 O-O 5. Bg2 d5 6. c4 c6 7. O-O a5 8. Nc3 Ne4 9. Na4 Bxb2 10. Nxb2 Na6 11. d3 Nf6 12. d4 Bf5 13. Nh4 Be6 14. c5 Ne8 15. Na4 Nac7 16. Nb6 Ra7 17. Qd2 Na8 18. Na4 Ng7 19. Rfe1 Nc7 20. Rad1 f6 21. Nc3 g5 22. Nf3 Bf7 23. h4 h6 24. hxg5 hxg5 25. Nh2 Bh5 26. Bf3 Qe8 27. e4 dxe4 28. Rxe4 Bxf3 29. Nxf3 e6 30. Nh2 Qg6 31. Ng4 Nf5 32. Rde1 Kg7 33. Ne3 Rh8 34. Qe2 Raa8 35. Qf3 Ne7 36. Nc4 Qh5 37. Qxh5 Rxh5 38. Nd6 Rb8 39. Kg2 Rh7 40. Rh1 Rxh1 41. Kxh1 f5 42. Re1 Kf6 43. Nc4 Ra8 44. Nd6 Rb8 45. Kg2 Ned5 46. Nxd5+ Nxd5 47. Rh1 Kg7 48. Nc4 Ra8 49. a4 Nc3 50. Kf3 Rd8 51. Ke3 Nd5+ 52. Ke2 Nc3+ 53. Kd3 Ne4 54. Ke3 Ra8 55. Rh5 Nf6 56. Rh1 Rd8 57. Nxa5 Ng4+ 58. Ke2 Rxd4 59. f3 Ne5 60. Nxb7 Rb4 61. Nd8 Rxb3 62. Nxe6+ Kg6 63. f4 Rb2+ 64. Ke3 Rb3+ 65. Kd2 gxf4 66. gxf4 Nc4+ 67. Kc2 Ra3 68. Nd4 Ne3+ 69. Kd2 Nc4+ 70. Ke2 Na5 71. Rg1+ Kf6 72. Rg5 Rxa4 73. Rxf5+ Kg6 74. Rg5+ Kf6 75. Kd3 Ra3+ 76. Ke4 Nc4 77. Rf5+ Kg6 78. Rg5+ Kf6 79. Nxc6 Nd2+ 80. Kd5 Rd3+ 81. Nd4 Nb3 82. Rf5+ Kg6 83. Rg5+ Kf6 84. Kc4 Rxd4+ 85. Kxb3 Rxf4 86. Rd5 Ke6 87. Rd3 Ke7 88. Rd2 Rf8 89. Kc4 Rd8 90. Ra2 Kd7 91. Ra7+ Kc6 92. Ra6+ Kc7 93. Kb5 Rb8+ 94. Rb6 Rxb6+ 95. cxb6+ Kb7 96. Kc5 Kb8 97. Kc6 Kc8 98. b7+ Kb8 99. Kb6 1/2-1/2

[Event "Czech Open GM 2019"]
[Site "Pardubice"]
[Date "2019.07.25"]
[Round "7.16"]
[White "Vykouk, Jan"]
[Black "Warmerdam, Max"]
[Result "0-1"]
[WhiteElo "2453"]
[BlackElo "2480"]
[Annotator "ChessBase"]
[PlyCount "80"]
[EventDate "2019.07.19"]
[EventType "swiss"]
[EventCountry "CZE"]
[SourceTitle "playchess.com"]
[Source "ChessBase"]
[SourceQuality "1"]

1. e4 c5 2. Nf3 d6 3. d4 cxd4 4. Nxd4 Nf6 5. Nc3 a6 6. Be3 e5 7. Nb3 Be6 8. f3 Nbd7 9. Qd2 b5 10. a4 b4 11. Nd5 Bxd5 12. exd5 Nb6 13. Bxb6 Qxb6 14. a5 Qb7 15. Bc4 g6 16. Ra4 Rb8 17. Qd3 Qd7 18. Ra1 Bh6 19. O-O O-O 20. Rae1 Qa7+ 21. Kh1 Ra8 22. Nd2 Qc5 23. Nb3 Qa7 24. Nd2 Nd7 25. Ne4 Qc7 26. g4 f5 27. gxf5 gxf5 28. Ng3 e4 29. fxe4 Ne5 30. Qe2 Qxc4 31. Qg2 Kh8 32. Nxf5 Rg8 33. Qh3 Bf8 34. Qh4 Rg6 35. Rf2 Bg7 36. Nxg7 Rxg7 37. Qf4 Rag8 38. h3 b3 39. Qf6 bxc2 40. Rg2 Qxe4 0-1

[Event "Czech Open GM 2019"]
[Site "Pardubice"]
[Date "2019.07.25"]
[Round "7.16"]
[White "Frohberg, Marco"]
[Black "Piesik, Piotr"]
[Result "1/2-1/2"]
[WhiteElo "2227"]
[BlackElo "2421"]
[Annotator "NA"]
[PlyCount "36"]
[EventDate "2019.07.19"]
[EventType "swiss"]
[EventCountry "CZE"]
[SourceTitle "playchess.com"]
[Source "ChessBase"]
[SourceQuality "1"]

1. e4 e6 2. d4 d5 3. exd5 exd5 4. Nf3 Nf6 5. Bd3 Bd6 6. Qe2+ Qe7 7. Qxe7+ Kxe7 8. O-O Re8 9. Bg5 h6 10. Re1+ Be6 11. Bh4 Nc6 12. c3 g5 13. Bg3 Nh5 14. Bxd6+ Kxd6 15. g3 Bh3 16. Na3 Ng7 17. Rxe8 Rxe8 18. Re1 Rxe1+ 1/2-1/2

[Event "Czech Open GM 2019"]
[Site "Pardubice"]
[Date "2019.07.25"]
[Round "7.17"]
[White "Bryzgalin, Kirill"]
[Black "Nagy, Gabor"]
[Result "1/2-1/2"]
[WhiteElo "2437"]
[BlackElo "2474"]
[Annotator "ChessBase"]
[PlyCount "25"]
[EventDate "2019.07.19"]
[EventType "swiss"]
[EventCountry "CZE"]
[SourceTitle "playchess.com"]
[Source "ChessBase"]
[SourceQuality "1"]

1. d4 Nf6 2. Nf3 g6 3. Bg5 Bg7 4. Nbd2 O-O 5. c3 d5 6. e3 Nbd7 7. Be2 Re8 8. c4 h6 9. Bh4 e5 10. dxe5 Nxe5 11. Nxe5 Rxe5 12. O-O Re8 13. cxd5 1/2-1/2

[Event "Czech Open GM 2019"]
[Site "Pardubice"]
[Date "2019.07.25"]
[Round "7.17"]
[White "Grabinsky, Vladimir"]
[Black "Siddharth, Jagadeesh"]
[Result "0-1"]
[WhiteElo "2226"]
[BlackElo "2410"]
[Annotator "NA"]
[PlyCount "72"]
[EventDate "2019.07.19"]
[EventType "swiss"]
[EventCountry "CZE"]
[SourceTitle "playchess.com"]
[Source "ChessBase"]
[SourceQuality "1"]

1. d4 Nf6 2. Nc3 d5 3. Bf4 e6 4. e3 a6 5. Nf3 Be7 6. Bd3 c5 7. O-O Nc6 8. h3 O-O 9. Ne5 Nxe5 10. dxe5 Nd7 11. Qh5 g6 12. Qg4 b5 13. Bh6 b4 14. Bxf8 Bxf8 15. Na4 c4 16. Be2 Nxe5 17. Qg3 Bg7 18. a3 Qa5 19. axb4 Qxb4 20. c3 Qa5 21. Qh4 Bd7 22. Qe7 Bxa4 23. Bd1 Qd8 24. Qxd8+ Rxd8 25. Rxa4 Rb8 26. Rxa6 Rxb2 27. Ra8+ Bf8 28. Ba4 Nd3 29. e4 dxe4 30. Rc8 Kg7 31. Rxc4 f5 32. Rc7+ Kf6 33. f4 e3 34. Be8 Be7 35. Rd7 e2 36. Rxd3 Bc5+ 0-1

[Event "Czech Open GM 2019"]
[Site "Pardubice"]
[Date "2019.07.25"]
[Round "7.18"]
[White "Cerveny, Petr"]
[Black "Karttunen, Mika"]
[Result "0-1"]
[WhiteElo "2333"]
[BlackElo "2466"]
[Annotator "ChessBase"]
[PlyCount "90"]
[EventDate "2019.07.19"]
[EventType "swiss"]
[EventCountry "CZE"]
[SourceTitle "playchess.com"]
[Source "ChessBase"]
[SourceQuality "1"]

1. e4 c5 2. Nf3 Nc6 3. Bb5 g6 4. Bxc6 dxc6 5. d3 Bg7 6. h3 e5 7. Be3 b6 8. a4 a5 9. Nbd2 Qc7 10. Nc4 Be6 11. Nfd2 Nf6 12. b4 b5 13. axb5 cxb5 14. Rxa5 Rxa5 15. Nxa5 cxb4 16. Nab3 Nd7 17. Ke2 O-O 18. Qa1 Bxb3 19. cxb3 Rc8 20. Qa6 Rb8 21. Ra1 Bf8 22. Qa7 Rb7 23. Qa8 Rb8 24. Qa7 Rb7 25. Qa6 Nb8 26. Qa8 Kg7 27. Rc1 Qd7 28. d4 Bd6 29. d5 f5 30. Bc5 Bxc5 31. Rxc5 Rc7 32. Rxc7 Qxc7 33. f3 f4 34. Qa1 Kf6 35. g3 fxg3 36. Qg1 Nd7 37. Qxg3 Kg7 38. Qg4 Nf6 39. Qe6 Nh5 40. Kd1 Nf4 41. Qe8 Nxh3 42. Qxb5 Nf4 43. Qxb4 Nd3 44. Qb5 Qc1+ 45. Ke2 Nf4+ 0-1

[Event "Czech Open GM 2019"]
[Site "Pardubice"]
[Date "2019.07.25"]
[Round "7.18"]
[White "Jedlicka, Ales"]
[Black "Schmidek, Emil"]
[Result "1/2-1/2"]
[WhiteElo "2226"]
[BlackElo "2391"]
[Annotator "NA"]
[PlyCount "62"]
[EventDate "2019.07.19"]
[EventType "swiss"]
[EventCountry "CZE"]
[SourceTitle "playchess.com"]
[Source "ChessBase"]
[SourceQuality "1"]

1. d4 Nf6 2. c4 e6 3. Nf3 b6 4. g3 Ba6 5. b3 Bb4+ 6. Bd2 Be7 7. Bg2 c6 8. Bc3 d5 9. Nbd2 Nbd7 10. O-O O-O 11. Re1 c5 12. e4 dxe4 13. Nxe4 Bb7 14. Nfg5 Nxe4 15. Nxe4 cxd4 16. Qxd4 e5 17. Qe3 Qc7 18. Rad1 Rad8 19. Ng5 Bxg2 20. Kxg2 Bxg5 21. Qxg5 b5 22. Bb4 Rfe8 23. cxb5 Qb7+ 24. Kg1 Qxb5 25. Qd2 Nf8 26. Qxd8 Rxd8 27. Rxd8 Qxb4 28. Rxe5 g6 29. Ree8 Kg7 30. Rxf8 Qe1+ 31. Kg2 Qe4+ 1/2-1/2

[Event "Czech Open GM 2019"]
[Site "Pardubice"]
[Date "2019.07.25"]
[Round "7.19"]
[White "Noe, Christopher"]
[Black "Dixit, Nikhil"]
[Result "1/2-1/2"]
[WhiteElo "2534"]
[BlackElo "2318"]
[Annotator "TA"]
[PlyCount "152"]
[EventDate "2019.07.19"]
[EventType "swiss"]
[EventCountry "CZE"]
[SourceTitle "playchess.com"]
[Source "ChessBase"]
[SourceQuality "1"]

1. d4 Nf6 2. c4 g6 3. Nc3 Bg7 4. e4 d6 5. f3 O-O 6. Be3 e5 7. d5 c6 8. Qd2 cxd5 9. cxd5 Nh5 10. O-O-O a6 11. Kb1 b5 12. Nge2 f5 13. Nc1 Nd7 14. Nd3 fxe4 15. fxe4 Qa5 16. a3 Ndf6 17. Nb4 Ng4 18. Bg1 Qd8 19. Be2 Qh4 20. Bf3 Bh6 21. Qe2 Nf4 22. Qc2 Nh5 23. Ne2 Ne3 24. Bxe3 Bxe3 25. Qc6 Bg4 26. Qxd6 Bxf3 27. Qe6+ Kg7 28. Qxe5+ Kh6 29. gxf3 Rae8 30. Qc3 Rxf3 31. Ng3 Nf6 32. Rhe1 Nxe4 33. Nxe4 Qxe4+ 34. Nc2 Qf5 35. Rd3 Bg5 36. Red1 Rxd3 37. Qxd3 Qxd3 38. Rxd3 Rd8 39. d6 Rd7 40. Nd4 Kg7 41. Ne6+ Kf6 42. Nf8 Rg7 43. d7 Ke5 44. d8=Q Bxd8 45. Rxd8 Rf7 46. Kc2 g5 47. Re8+ Kd6 48. Kc3 g4 49. Kd4 Rf4+ 50. Ke3 Rf3+ 51. Ke4 Rf2 52. Re6+ Kc5 53. Nd7+ Kc4 54. Rc6+ Kb3 55. Nc5+ Ka2 56. Rh6 Rxb2 57. Nxa6 Rb3 58. Kf4 Rxa3 59. Kxg4 Ra4+ 60. Kg3 b4 61. Rb6 b3 62. Nb4+ Ka3 63. Nd3 Rd4 64. Ra6+ Ra4 65. Rb6 Rd4 66. Ra6+ Ra4 67. Rxa4+ Kxa4 68. Kf4 Kb5 69. Ke3 Kc4 70. Kd2 Kd4 71. Nf2 b2 72. Kc2 Ke3 73. Ng4+ Kf3 74. Nf6 h5 75. Nxh5 Kg2 76. Kxb2 Kxh2 1/2-1/2

[Event "Czech Open GM 2019"]
[Site "Pardubice"]
[Date "2019.07.25"]
[Round "7.19"]
[White "Sarkar, Justin"]
[Black "Poleg, Matan"]
[Result "1/2-1/2"]
[WhiteElo "2389"]
[BlackElo "2226"]
[Annotator "NA"]
[PlyCount "85"]
[EventDate "2019.07.19"]
[EventType "swiss"]
[EventCountry "CZE"]
[SourceTitle "playchess.com"]
[Source "ChessBase"]
[SourceQuality "1"]

1. e4 c5 2. Nf3 d6 3. d4 cxd4 4. Nxd4 Nf6 5. Nc3 a6 6. Bc4 e6 7. O-O Be7 8. Bb3 Qc7 9. Qf3 Nc6 10. Nxc6 Qxc6 11. Re1 O-O 12. Qg3 Kh8 13. f4 b5 14. e5 dxe5 15. fxe5 Nd7 16. Ne4 Bb7 17. c3 Nc5 18. Bc2 Nxe4 19. Bxe4 Qb6+ 20. Be3 Bc5 21. Bxb7 Bxe3+ 22. Rxe3 Qxb7 23. Rd1 Rad8 24. Red3 Rxd3 25. Qxd3 h6 26. Qe3 Rc8 27. h3 b4 28. cxb4 Qxb4 29. b3 Qa3 30. Qf2 Qc5 31. Rd8+ Kh7 32. Rxc8 Qxc8 33. Qxf7 Qc5+ 34. Qf2 Qxe5 35. Qc2+ g6 36. Kf2 h5 37. Qe2 Qf4+ 38. Qf3 Qd2+ 39. Qe2 Qd4+ 40. Qe3 Qb2+ 41. Qe2 Qd4+ 42. Qe3 Qb2+ 43. Qe2 1/2-1/2

[Event "Czech Open GM 2019"]
[Site "Pardubice"]
[Date "2019.07.25"]
[Round "7.20"]
[White "Hemant, Sharma"]
[Black "Vorobiov, Evgeny E."]
[Result "1/2-1/2"]
[WhiteElo "2355"]
[BlackElo "2578"]
[Annotator "ChessBase"]
[PlyCount "39"]
[EventDate "2019.07.19"]
[EventType "swiss"]
[EventCountry "CZE"]
[SourceTitle "playchess.com"]
[Source "ChessBase"]
[SourceQuality "1"]

1. c4 c5 2. g3 g6 3. Bg2 Bg7 4. Nc3 Nc6 5. e4 Nf6 6. Nge2 O-O 7. d3 d6 8. O-O a6 9. Rb1 Rb8 10. h3 b5 11. b3 Ne8 12. Be3 Nc7 13. d4 cxd4 14. Nxd4 Bxd4 15. Bxd4 bxc4 16. Be3 cxb3 17. Rxb3 Rxb3 18. Qxb3 Bd7 19. Nd5 Ne6 20. Rc1 1/2-1/2

[Event "Czech Open GM 2019"]
[Site "Pardubice"]
[Date "2019.07.25"]
[Round "7.20"]
[White "Mica, Marek"]
[Black "Yagupov, Igor"]
[Result "1/2-1/2"]
[WhiteElo "2222"]
[BlackElo "2385"]
[Annotator "NA"]
[PlyCount "111"]
[EventDate "2019.07.19"]
[EventType "swiss"]
[EventCountry "CZE"]
[SourceTitle "playchess.com"]
[Source "ChessBase"]
[SourceQuality "1"]

1. d4 d5 2. c4 c6 3. Nc3 e6 4. Nf3 Nf6 5. Bg5 h6 6. Bh4 dxc4 7. e4 b5 8. e5 g5 9. Nxg5 hxg5 10. Bxg5 Nbd7 11. g3 Qb6 12. exf6 Bb7 13. Bg2 O-O-O 14. O-O c5 15. d5 b4 16. Rb1 Qa6 17. dxe6 Bxg2 18. e7 Bxf1 19. Kxf1 Bxe7 20. fxe7 Rdg8 21. Ne4 c3+ 22. Kg1 Rxg5 23. Nxg5 Qg6 24. bxc3 Qxg5 25. Qe2 Re8 26. Qa6+ Kc7 27. Qxa7+ Kc8 28. Qa6+ Kc7 29. Qa5+ Kc8 30. cxb4 Rxe7 31. Qa6+ Kc7 32. Qa7+ Kc8 33. bxc5 Qd5 34. Qa6+ Kc7 35. Qa7+ Kc8 36. h4 Re6 37. a4 Kd8 38. Qa5+ Ke7 39. Qb4 Kf6 40. Qf4+ Kg7 41. Qg4+ Kf8 42. Rd1 Qxc5 43. Qd4 Re1+ 44. Kg2 Qc6+ 45. Qd5 Qxd5+ 46. Rxd5 Nb6 47. Rd4 Ra1 48. f4 Nxa4 49. Rd8+ Kg7 50. Ra8 Ra2+ 51. Kf3 Nc3 52. Rxa2 Nxa2 53. g4 Nc3 54. g5 Kg6 55. Kg4 f5+ 56. gxf6 1/2-1/2

[Event "Czech Open GM 2019"]
[Site "Pardubice"]
[Date "2019.07.25"]
[Round "7.21"]
[White "Matviishen, Viktor"]
[Black "Grela, Kacper"]
[Result "1-0"]
[WhiteElo "2495"]
[BlackElo "2354"]
[Annotator "ChessBase"]
[PlyCount "53"]
[EventDate "2019.07.19"]
[EventType "swiss"]
[EventCountry "CZE"]
[SourceTitle "playchess.com"]
[Source "ChessBase"]
[SourceQuality "1"]

1. e4 c5 2. Nf3 d6 3. Bb5+ Nd7 4. d4 cxd4 5. Qxd4 Ngf6 6. O-O e6 7. Rd1 a6 8. Bxd7+ Nxd7 9. Nc3 b5 10. a4 bxa4 11. Qxa4 Bb7 12. Bf4 Qc7 13. e5 d5 14. Nxd5 Bxd5 15. Rxd5 exd5 16. e6 Bd6 17. exd7+ Kf8 18. Re1 f6 19. Nd4 Kf7 20. Bxd6 Qxd6 21. Nf5 Qc5 22. b4 Qc3 23. Re3 Qc7 24. Re7+ Kg6 25. Qb3 Rhg8 26. Qf3 Qc4 27. Nd6 1-0